000 01649cam a2200433 i 4500
001 20758455
005 20220721123114.0
008 181128s2018 enk 001 0 eng d
010 _a 2018371587
015 _aGBB860979
_2bnb
016 7 _a018813778
_2Uk
020 _a9781788313193
020 _a1788313194
020 _a9781786724052 (Electronic copy)
020 _a1786724057 (Electronic copy)
020 _a9781786734051 (ePDF)
020 _a1786734052 (ePDF)
035 _a(OCoLC)on1048608582
040 _aUKIIJ
_beng
_cUKIIJ
_erda
_dYDX
_dL2U
_dUKMGB
_dDLC
042 _alccopycat
050 0 0 _aKBP144
_b.A246 2018
082 0 4 _a340.59
_bABD
100 1 _aAbdulla, Raficq,
_eauthor
_994354
245 1 0 _aUnderstanding Sharia :
_bIslamic law in a globalised world /
_cRaficq S. Abdulla and Mohamed M. Keshavjee.
264 1 _aLondon ;
_aNew York :
_bI.B. Tauris in association with The Institute of Ismaili Studies,
_c2018
300 _axxx, 321 pages ;
_c22 cm.
336 _atext
_btxt
_2rdacontent
337 _aunmediated
_bn
_2rdamedia
338 _avolume
_bnc
_2rdacarrier
504 _aIncludes bibliographical references and index.
650 0 _aIslamic law.
650 7 _aIslamic law.
_2fast
_0(OCoLC)fst00979949
_994355
650 7 _a86.14 Islamic law.
_2nbc
_0(NL-LeOCL)169911772
_994356
700 1 _aKeshavjee, Mohamed M.,
_eauthor.
_994357
710 2 _aInstitute of Ismaili Studies.
_934219
906 _a7
_bcbc
_ccopycat
_d3
_encip
_f20
_gy-nonroman
942 _2ddc
_cBK
999 _c590470
_d590470